000 00641nam a2200181Ia 4500
008 090124s9999 xx 000 0 und d
082 _b39889
100 _aमलुष्टे श्रीकांत
245 _a छंद छायाचित्रणाचा
250 _a0
260 _bदिलीप प्रकाशन
_c2003
300 _a221
600 _aमलुष्टे श्रीकांत
630 _a छंद छायाचित्रणाचा
700 _aमलुष्टे श्रीकांत
730 _a छंद छायाचित्रणाचा
942 _cBOOK
999 _c101502
_d101502